000
00230nam a2200085Ia 4500
008
240331s9999 xx 000 0 und d
100
_a
Rajja Bhasha
245
0
_a
Wishwa patamala athrekaya :
_b
composite glossary supplement
942
_c
L
999
_c
5621
_d
5621